000
00368nam a2200145Ia 4500
008
100122s9999 xx 000 0 und d
082
_b
34132
_a
823
100
_a
कमलेश्वर
245
_a
सावट
260
_b
सुपर्ण प्रकाशन
_c
1983
300
_a
86
630
_a
सावट
730
_a
सावट
942
_c
BOOK
999
_c
418001
_d
417998